A Women and Her Workplace (Record no. 11975)

MARC details
000 -LEADER
fixed length control field 00313nam a22001337a 4500
008 - FIXED-LENGTH DATA ELEMENTS--GENERAL INFORMATION
fixed length control field 220209b ||||| |||| 00| 0 eng d
020 ## - INTERNATIONAL STANDARD BOOK NUMBER
International Standard Book Number 9780834125230
050 ## - LIBRARY OF CONGRESS CALL NUMBER
Classification number 248.843
Item number 1
100 ## - MAIN ENTRY--PERSONAL NAME
Personal name Flaaten Rosemary
9 (RLIN) 7538
245 ## - TITLE STATEMENT
Title A Women and Her Workplace
260 ## - PUBLICATION, DISTRIBUTION, ETC. (IMPRINT)
Place of publication, distribution, etc. USA
300 ## - PHYSICAL DESCRIPTION
Extent 190.P
942 ## - ADDED ENTRY ELEMENTS (KOHA)
Source of classification or shelving scheme Dewey Decimal Classification
Koha item type BOOK
Holdings
Withdrawn status Lost status Source of classification or shelving scheme Damaged status Not for loan Home library Current library Shelving location Date acquired Full call number Barcode Date last seen Price effective from Koha item type
    Dewey Decimal Classification     Good Samaritan School Library Good Samaritan School Library RELIGION 02/09/2022 248.843 , E-9 FLA17012 02/09/2022 02/09/2022 BOOK

Powered by Koha